| 000 | 00562cam a2200145 4500500 | ||
|---|---|---|---|
| 005 | 20251228091023.0 | ||
| 041 | _afre | ||
| 042 | _adc | ||
| 100 | 1 | 0 |
_aCourtemanche, Hadrien _eauthor |
| 245 | 0 | 0 | _aCharles Péguy, La Loire, Introduction de Jean-Pierre Sueur, Éditions La Guêpine, Loches, 2022 |
| 260 | _c2023. | ||
| 500 | _a32 | ||
| 786 | 0 | _nBulletin de l’Amitié Charles Péguy | 178 | 2 | 2023-05-07 | p. 236-239 | 0180-8567 | |
| 856 | 4 | 1 | _uhttps://shs.cairn.info/revue-bulletin-de-lamitie-charles-peguy-2023-2-page-236?lang=fr&redirect-ssocas=7080 |
| 999 |
_c1602969 _d1602969 |
||